[Event "TV2 Fagernes International 2018"]
[Site "Scandic Hotel Fagernes"]
[Date "2018.03.25"]
[Round "4"]
[White "Aroven, Mikael"]
[Black "Loberg, Jo Kristian"]
[Result "1-0"]
[WhiteElo "2121"]
[BlackElo "2060"]
[PlyCount "85"]
[EventDate "2018.??.??"]

1. Nf3 Nf6 2. b3 d5 3. Bb2 e6 4. e3 Bd6 5. d4 b6 6. Bb5+ c6 7. Bd3 Nbd7 8. O-O
Qc7 9. Nbd2 Bb7 10. c4 Rc8 11. h3 O-O 12. Rc1 Qb8 13. Qe2 e5 14. Bf5 e4 15. Ne5
Rcd8 16. f4 g6 17. Bxd7 Nxd7 18. Qg4 Nf6 19. Qh4 Ne8 20. f5 Ng7 21. g4 Bb4 22.
Rf2 Qd6 23. Rcf1 g5 24. Qxg5 f6 25. Qf4 fxe5 26. dxe5 Qc7 27. Qg5 Kh8 28. e6
Rg8 29. f6 Nxe6 30. f7+ d4 31. fxg8=Q+ Rxg8 32. Qf6+ Ng7 33. Bxd4 c5 34. Qxg7+
Qxg7 35. Bxg7+ Rxg7 36. Rf8+ Rg8 37. Nb1 Bc8 38. R1f4 Bb7 39. Kf1 Bc6 40. R4f7
b5 41. Rxg8+ Kxg8 42. Rxa7 bxc4 43. bxc4
1-0

[Event "TV2 Fagernes International 2018"]
[Site "Scandic Hotel Fagernes"]
[Date "2018.03.25"]
[Round "4"]
[White "Mansoor, Afras"]
[Black "Løbersli, Henrik Øie"]
[Result "0-1"]
[WhiteElo "1898"]
[BlackElo "2081"]
[PlyCount "52"]
[EventDate "2018.??.??"]

1. c4 e5 2. g3 c6 3. Nf3 e4 4. Nd4 d5 5. cxd5 Qxd5 6. Nc2 Nf6 7. Nc3 Qh5 8. Ne3
Bb4 9. Bg2 Bxc3 10. bxc3 O-O 11. Qc2 Re8 12. Rb1 b6 13. d3 exd3 14. exd3 Bh3
15. O-O Bxg2 16. Kxg2 c5 17. Qa4 Nbd7 18. d4 Qg6 19. Ba3 Qe4+ 20. Kg1 Ne5 21.
Ng2 Nf3+ 22. Kh1 Qf5 23. Qd1 Qh3 24. Qxf3 Ng4 25. Qxg4 Qxg4 26. dxc5 Qf3
0-1

[Event "TV2 Fagernes International 2018"]
[Site "Scandic Hotel Fagernes"]
[Date "2018.03.25"]
[Round "4"]
[White "Guddahl, Viggo"]
[Black "Sidali, Elias Hulleberg"]
[Result "1/2-1/2"]
[WhiteElo "2072"]
[BlackElo "1840"]
[PlyCount "31"]
[EventDate "2018.??.??"]

1. Nf3 Nf6 2. b3 g6 3. Bb2 Bg7 4. e3 O-O 5. c4 d6 6. Be2 b6 7. O-O Bb7 8. d4 e5
9. dxe5 Ng4 10. Qc2 Nxe5 11. Nxe5 dxe5 12. Nd2 Qe7 13. Rac1 Nd7 14. e4 Rfd8 15.
Nb1 Nf8 16. Bg4
1/2-1/2

[Event "TV2 Fagernes International 2018"]
[Site "Scandic Hotel Fagernes"]
[Date "2018.03.25"]
[Round "4"]
[White "Blazekovic, Nina"]
[Black "Darnell, Anton"]
[Result "0-1"]
[WhiteElo "1825"]
[BlackElo "2029"]
[PlyCount "72"]
[EventDate "2018.??.??"]

1. d4 d5 2. Bf4 Nf6 3. Nf3 c5 4. e3 Nc6 5. c3 Qb6 6. Qb3 c4 7. Qxb6 axb6 8. h3
b5 9. Ne5 Bf5 10. Nd2 e6 11. g4 Bg6 12. Nxg6 hxg6 13. Bg2 Kd7 14. Ke2 b4 15.
Rhd1 Bd6 16. Bxd6 Kxd6 17. f3 Ra7 18. e4 Nd7 19. f4 Rha8 20. f5 gxf5 21. gxf5
Rxa2 22. Rab1 bxc3 23. bxc3 Rc2 24. Rxb7 Raa2 25. exd5 exd5 26. Ke1 Na5 27. Ra7
Rxc3 28. Bxd5 Kxd5 29. Rxd7+ Kc6 30. Rxf7 Re3+ 31. Kf1 Rd3 32. Rxg7 c3 33. Rg6+
Kb5 34. Rb1+ Rb2 35. Re1 cxd2 36. Re5+ Ka4
0-1

[Event "TV2 Fagernes International 2018"]
[Site "Scandic Hotel Fagernes"]
[Date "2018.03.25"]
[Round "4"]
[White "Hagesæther, Arne"]
[Black "Sørensen, Simen"]
[Result "1-0"]
[WhiteElo "2002"]
[BlackElo "1821"]
[PlyCount "113"]
[EventDate "2018.??.??"]

1. d4 d5 2. c4 c6 3. Nf3 Nf6 4. g3 dxc4 5. Bg2 Bf5 6. Na3 Nbd7 7. Nxc4 e6 8.
O-O Nb6 9. Nce5 Rc8 10. Ng5 Bg6 11. e3 Be7 12. Qb3 Nfd7 13. Nxg6 hxg6 14. Nf3
Qc7 15. Bd2 O-O 16. Rfc1 Nd5 17. a3 Qb6 18. Qd3 Rfd8 19. b4 N5f6 20. Qe2 Ne4
21. Be1 a6 22. Qc2 Nd6 23. Bf1 Bf6 24. Bc3 Nb5 25. Bb2 Re8 26. Rd1 a5 27. a4
Nc7 28. Nd2 Be7 29. Nc4 Qa7 30. bxa5 Nd5 31. Ba3 Ra8 32. Rdb1 Reb8 33. e4 Bxa3
34. exd5 cxd5 35. Nxa3 Qxd4 36. Nb5 Qf6 37. Ra3 Ne5 38. Kg2 Ng4 39. Rb4 Nh6 40.
Rf4 Qe7 41. Rc3 e5 42. Rc7 Qf8 43. Rf3 Qb4 44. Qc5 Qxa4 45. Qxd5 Rf8 46. Qxe5
Rxa5 47. Rxb7 Qd1 48. Rd3 Qb1 49. Qd6 Ra1 50. Qxf8+ Kh7 51. Be2 Qh1+ 52. Kh3
Qxb7 53. Rd8 Ng8 54. Qxg8+ Kh6 55. Qh8+ Kg5 56. Qh4+ Kf5 57. Nd4+ 
1-0

[Event "TV2 Fagernes International 2018"]
[Site "Scandic Hotel Fagernes"]
[Date "2018.03.25"]
[Round "4"]
[White "Knutsen, Øystein"]
[Black "Ayzenberg, Alena"]
[Result "1/2-1/2"]
[WhiteElo "1815"]
[BlackElo "1950"]
[PlyCount "142"]
[EventDate "2018.??.??"]

1. c4 e5 2. Nc3 Nf6 3. e4 Bb4 4. Nge2 c6 5. Qa4 a5 6. g3 Na6 7. Bg2 Nc5 8. Qc2
Ne6 9. O-O Bc5 10. h3 O-O 11. d3 d6 12. Kh2 b5 13. Nd1 Ba6 14. Be3 Qb6 15. Rc1
Rac8 16. Bxc5 Qxc5 17. Ne3 Nd4 18. Nxd4 exd4 19. Nf5 Rcd8 20. Rfd1 b4 21. b3 g6
22. Qd2 Nd7 23. Nh4 Kg7 24. f4 f6 25. Nf3 Qa7 26. h4 c5 27. Bh3 Bc8 28. Rg1 Qc7
29. Rg2 Nb6 30. Bxc8 Rxc8 31. g4 a4 32. h5 axb3 33. axb3 Ra8 34. Qe1 d5 35. Qg3
dxe4 36. dxe4 Ra3 37. Nd2 g5 38. h6+ Kg8 39. fxg5 Qxg3+ 40. Kxg3 fxg5 41. Rf2
Rxf2 42. Kxf2 Ra2 43. Ke2 Kf7 44. Rf1+ Kg6 45. Kd3 Nd7 46. Rf5 Nf6 47. Nf3 Nd7
48. Rxg5+ Kxh6 49. Rd5 Ra7 50. e5 Rc7 51. Nd2 Kg7 52. Ne4 h6 53. e6 Nf6 54.
Rxc5 Rxc5 55. Nxc5 Nxg4 56. Ne4 h5 57. Kxd4 h4 58. c5 h3 59. c6 Nf6 60. Ng3 Ne8
61. Kc5 Kf6 62. Kxb4 Kxe6 63. Kc5 h2 64. b4 Nd6 65. Nh1 Ne4+ 66. Kb6 Nd6 67.
Ka6 Kd5 68. Kb6 Kc4 69. c7 Kxb4 70. Kc6 Nc8 71. Kd5 Kb5 
1/2-1/2

[Event "TV2 Fagernes International 2018"]
[Site "Scandic Hotel Fagernes"]
[Date "2018.03.25"]
[Round "4"]
[White "Narva, Regina"]
[Black "Syse, Knut"]
[Result "1-0"]
[WhiteElo "1939"]
[BlackElo "1671"]
[PlyCount "59"]
[EventDate "2018.??.??"]

1. e4 c6 2. d4 d5 3. exd5 cxd5 4. Bf4 Nc6 5. Nf3 Nf6 6. h3 Bf5 7. Bd3 Bxd3 8.
Qxd3 e6 9. O-O Bd6 10. Be3 h6 11. c3 g5 12. Qb5 Qc7 13. c4 a6 14. Qa4 dxc4 15.
Qxc4 g4 16. hxg4 Nxg4 17. Nc3 Nxe3 18. fxe3 b5 19. Qe2 Ne7 20. Ne4 Nf5 21. Rac1
Qb7 22. Nxd6+ Nxd6 23. Ne5 h5 24. Rc6 Nf5 25. Qf3 Ra7 26. Rfc1 Ke7 27. Qf4 Nd6
28. Ng6+ fxg6 29. Qxd6+ Kf6 30. Qe5+
1-0

[Event "TV2 Fagernes International 2018"]
[Site "Scandic Hotel Fagernes"]
[Date "2018.03.25"]
[Round "4"]
[White "Tenold, Andreas"]
[Black "Ukkelberg, Øyvind"]
[Result "1/2-1/2"]
[WhiteElo "1755"]
[BlackElo "1939"]
[PlyCount "61"]
[EventDate "2018.??.??"]

1. e4 d5 2. exd5 c6 3. dxc6 Nxc6 4. Nf3 e5 5. d3 Nf6 6. Be2 Bc5 7. O-O h6 8.
Nc3 O-O 9. a3 a6 10. b4 Bb6 11. Bb2 Re8 12. Nd2 Nd4 13. Nde4 Be6 14. Nxf6+ Qxf6
15. Ne4 Qg6 16. Bxd4 Bxd4 17. c3 Ba7 18. Bf3 Red8 19. Qe2 Rac8 20. Rac1 Rd7 21.
Rfd1 Bb3 22. Rd2 Rcd8 23. Rb1 Ba4 24. c4 Bd4 25. Ng3 f5 26. Bd5+ Kh8 27. Qf3
Bc3 28. Re2 Bc6 29. Rc1 Bxd5 30. cxd5 Bd4 31. Qxf5
1/2-1/2

[Event "TV2 Fagernes International 2018"]
[Site "Scandic Hotel Fagernes"]
[Date "2018.03.25"]
[Round "4"]
[White "Filen, Hannu"]
[Black "Stai, Sondre"]
[Result "1/2-1/2"]
[WhiteElo "1930"]
[BlackElo "1636"]
[PlyCount "83"]
[EventDate "2018.??.??"]

1. d4 Nf6 2. Bf4 e6 3. e3 c5 4. c3 d5 5. Nd2 Bd6 6. Bg5 Nbd7 7. Ngf3 O-O 8. Bd3
b6 9. O-O Bb7 10. Rc1 Re8 11. Bb5 Be7 12. Bh4 a6 13. Ba4 b5 14. Bc2 Ne4 15. Bg3
Nxg3 16. fxg3 e5 17. dxe5 Bg5 18. Nxg5 Qxg5 19. Rf4 Nxe5 20. Nf3 Nxf3+ 21. Qxf3
Re7 22. Rf1 Rf8 23. e4 dxe4 24. Qe3 c4 25. h3 Rd7 26. Kh2 Qd8 27. Bxe4 Bxe4 28.
Rxe4 Rd2 29. Re7 Qd5 30. Rf3 Rd3 31. Qe2 Rxf3 32. gxf3 g6 33. h4 Rd8 34. Kh3
Qf5+ 35. g4 Qf4 36. Re8+ Rxe8 37. Qxe8+ Kg7 38. Qc6 Qe3 39. g5 Qf2 40. Qf6+ Kg8
41. Qd8+ Kg7 42. Qf6+
1/2-1/2

[Event "TV2 Fagernes International 2018"]
[Site "Scandic Hotel Fagernes"]
[Date "2018.03.25"]
[Round "4"]
[White "Unhjem, Bjørn Robert Løvoll"]
[Black "Myrheim, Håkon Abeland"]
[Result "1/2-1/2"]
[WhiteElo "1698"]
[BlackElo "1914"]
[PlyCount "126"]
[EventDate "2018.??.??"]

1. Nf3 Nf6 2. g3 b5 3. Bg2 Bb7 4. O-O e6 5. b3 c5 6. Bb2 Be7 7. a4 b4 8. d3 d5
9. Nbd2 O-O 10. Ne5 Nbd7 11. e3 Nxe5 12. Bxe5 Nd7 13. Bb2 a5 14. Qe2 Nb6 15. e4
Ba6 16. f4 Rc8 17. exd5 exd5 18. Rfe1 Bf6 19. Bxf6 Qxf6 20. Qe5 Qxe5 21. Rxe5
Rfd8 22. Bh3 Rc7 23. Rae1 Kf8 24. Nf3 g6 25. f5 Bc8 26. g4 f6 27. R5e2 g5 28.
Rd2 Re8 29. Rxe8+ Kxe8 30. Bf1 Bd7 31. Kf2 Nxa4 32. bxa4 Bxa4 33. Ke1 Re7+ 34.
Kd1 Ra7 35. h4 gxh4 36. Nxh4 b3 37. cxb3 Bxb3+ 38. Kc1 a4 39. Kb2 c4 40. dxc4
dxc4 41. Ka3 c3 42. Bb5+ Kf7 43. Rg2 c2 44. Rg1 Rc7 45. Rc1 Rc3 46. Bxa4 Bxa4+
47. Kxa4 Rg3 48. Kb5 Rxg4 49. Nf3 Rf4 50. Ne1 Rxf5+ 51. Kc4 Rf1 52. Kd3 h5 53.
Ke2 Rf5 54. Rxc2 Kg7 55. Nf3 Kh6 56. Rc4 Ra5 57. Kf2 Kg6 58. Rf4 Rb5 59. Kg3
Ra5 60. Kh4 Rf5 61. Rxf5 Kxf5 62. Kxh5 Kf4 63. Nh4 Ke4
1/2-1/2

[Event "TV2 Fagernes International 2018"]
[Site "Scandic Hotel Fagernes"]
[Date "2018.03.25"]
[Round "4"]
[White "Shehzad, Shazil"]
[Black "Wright, Haakon"]
[Result "1-0"]
[WhiteElo "1912"]
[BlackElo "1798"]
[PlyCount "35"]
[EventDate "2018.??.??"]

1. e4 e5 2. Nf3 Nc6 3. Nc3 Nf6 4. d4 exd4 5. Nxd4 Bb4 6. Nxc6 bxc6 7. Bd3 h6 8.
O-O O-O 9. e5 Bxc3 10. bxc3 Nd5 11. Qg4 d6 12. Qg3 Kh8 13. Ba3 Nxc3 14. exd6
Rg8 15. dxc7 Qd7 16. Bb2 Nd5 17. Rae1 Nxc7 18. Qf4
1-0

[Event "TV2 Fagernes International 2018"]
[Site "Scandic Hotel Fagernes"]
[Date "2018.03.25"]
[Round "4"]
[White "Lang, Gusztav Jr"]
[Black "Ranby, Hans"]
[Result "0-1"]
[WhiteElo "1630"]
[BlackElo "1902"]
[PlyCount "122"]
[EventDate "2018.??.??"]

1. e4 Nf6 2. d3 e5 3. f4 d6 4. Nf3 Nc6 5. f5 Be7 6. Nc3 g6 7. fxg6 hxg6 8. Bg5
Bg4 9. Qd2 Bxf3 10. gxf3 Nd4 11. Bg2 Nh5 12. Bxe7 Qxe7 13. O-O-O Nf4 14. Nd5
Nxd5 15. exd5 O-O-O 16. c3 Nf5 17. f4 exf4 18. Qxf4 Qe3+ 19. Qxe3 Nxe3 20. Rd2
Nxg2 21. Rxg2 Rde8 22. Rf1 Re7 23. Rgf2 b6 24. Rxf7 Rxf7 25. Rxf7 Rxh2 26. Rg7
Rg2 27. Kb1 g5 28. a3 g4 29. Ka2 g3 30. d4 a6 31. Kb3 Kd8 32. a4 Kc8 33. Kc4
b5+ 34. axb5 axb5+ 35. Kd3 Kb7 36. b3 Kb6 37. c4 b4 38. c5+ dxc5 39. dxc5+ Kxc5
40. Rxc7+ Kxd5 41. Rg7 Rb2 42. Rg5+ Ke6 43. Kc4 g2 44. Kxb4 Kf6 45. Rg3 Kf5 46.
Kc3 Kf4 47. Rg8 Rf2 48. Rf8+ Ke3 49. Rg8 Kf3 50. Kd3 Rf1 51. Rf8+ Kg3 52. Rg8+
Kf2 53. Rf8+ Ke1 54. Re8+ Kd1 55. Ra8 Kc1 56. Kc3 Kb1 57. Rg8 g1=Q 58. Rxg1
Rxg1 59. b4 Ka2 60. Kc4 Ka3 61. b5 Ka4 
0-1

[Event "TV2 Fagernes International 2018"]
[Site "Scandic Hotel Fagernes"]
[Date "2018.03.25"]
[Round "4"]
[White "Mjaaland, Bendik"]
[Black "Gundersen, Ingvar"]
[Result "1-0"]
[WhiteElo "1694"]
[BlackElo "1888"]
[PlyCount "37"]
[EventDate "2018.??.??"]

1. e4 d5 2. exd5 Nf6 3. d4 e6 4. Bb5+ Nbd7 5. dxe6 fxe6 6. Qe2 Qe7 7. Nf3 a6 8.
Ba4 b5 9. Bb3 Nb6 10. O-O Qd6 11. Re1 Nfd5 12. Ng5 Rg8 13. Nxe6 Be7 14. Nc3 Ra7
15. Nxd5 c6 16. Bf4 Qd7 17. Ndc7+ Rxc7 18. Nxc7+ Kd8 19. Be6
1-0

[Event "TV2 Fagernes International 2018"]
[Site "Scandic Hotel Fagernes"]
[Date "2018.03.25"]
[Round "4"]
[White "Fuglestein, Sander"]
[Black "Hina, Ariza"]
[Result "1/2-1/2"]
[WhiteElo "1886"]
[BlackElo "1570"]
[PlyCount "45"]
[EventDate "2018.??.??"]

1. e4 e5 2. Nf3 Nc6 3. Bc4 Bc5 4. c3 Nf6 5. d3 d6 6. O-O h6 7. a4 a5 8. h3 O-O
9. Re1 Re8 10. Nbd2 Be6 11. Bxe6 fxe6 12. Nc4 Qd7 13. Qe2 Qf7 14. Be3 Bxe3 15.
fxe3 Rf8 16. Kh2 Kh7 17. Rg1 g5 18. Raf1 Qe7 19. g4 Rg8 20. h4 gxh4 21. g5 Nd7
22. gxh6 Kxh6 23. Qf2
1/2-1/2

[Event "TV2 Fagernes International 2018"]
[Site "Scandic Hotel Fagernes"]
[Date "2018.03.25"]
[Round "4"]
[White "Gaure, Sigurd Lauvas"]
[Black "Skrede, Snorre"]
[Result "0-1"]
[WhiteElo "1552"]
[BlackElo "1870"]
[PlyCount "60"]
[EventDate "2018.??.??"]

1. e4 c5 2. Nf3 g6 3. d4 cxd4 4. Nxd4 Nc6 5. Bc4 Bg7 6. Be3 Nf6 7. Nc3 Qa5 8.
Qd2 Nxe4 9. Nxc6 Qxc3 10. bxc3 Nxd2 11. Kxd2 dxc6 12. Rhe1 b6 13. Bd4 Bxd4 14.
cxd4 e6 15. d5 cxd5 16. Bxd5 Rb8 17. Bc6+ Ke7 18. a4 Rd8+ 19. Kc3 Bb7 20. Bxb7
Rxb7 21. Re2 Rc7+ 22. Kb3 Rc5 23. c4 Rd3+ 24. Kc2 Rd4 25. a5 b5 26. Kb3 Rcxc4
27. Re5 a6 28. Re2 Rb4+ 29. Kc3 Rdc4+ 30. Kd3 Rb3+
0-1

[Event "TV2 Fagernes International 2018"]
[Site "Scandic Hotel Fagernes"]
[Date "2018.03.25"]
[Round "4"]
[White "Melkevik, Johannes"]
[Black "Ali, Karim"]
[Result "1/2-1/2"]
[WhiteElo "1865"]
[BlackElo "1739"]
[PlyCount "129"]
[EventDate "2018.??.??"]

1. e4 e6 2. d4 b6 3. Nc3 Bb7 4. Bd3 d6 5. Nf3 Nd7 6. O-O Ne7 7. Re1 g6 8. Be3
Bg7 9. Qd2 h6 10. a4 a6 11. Ne2 g5 12. Nc3 Ng6 13. h3 Nf6 14. e5 dxe5 15. Bxg6
fxg6 16. Nxe5 Ne4 17. Qd3 Bxe5 18. Nxe4 Bg7 19. Nxg5 hxg5 20. Qxg6+ Kf8 21.
Qxe6 Qf6 22. Qg4 Bh6 23. Rad1 Re8 24. d5 Rg8 25. Qb4+ Kf7 26. Qc4 Qd6 27. Qd3
Rg6 28. Qf5+ Rf6 29. Qh7+ Bg7 30. Qh5+ Rg6 31. Qf3+ Kg8 32. c3 Qd7 33. Qe2 g4
34. h4 Qf5 35. Qd3 Qf7 36. c4 Bc8 37. Bd4 Rf8 38. g3 Bf5 39. Qc3 Bxd4 40. Rxd4
Re8 41. Rdd1 Rf8 42. Re2 Bd7 43. b3 Qf3 44. Qe3 Qxe3 45. Rxe3 Rgf6 46. Rd2 Re8
47. Rde2 Rxe3 48. Rxe3 Kf7 49. Kf1 Rf3 50. Rxf3+ gxf3 51. Ke1 Bf5 52. Kd2 a5
53. Kc3 Ke7 54. b4 axb4+ 55. Kxb4 Kd6 56. Kb5 Bg4 57. c5+ bxc5 58. a5 Bd7+ 59.
Kc4 Bc8 60. h5 Ba6+ 61. Kc3 Ke5 62. h6 Kf6 63. g4 Kg6 64. g5 Bb5 65. Kb3
1/2-1/2

[Event "TV2 Fagernes International 2018"]
[Site "Scandic Hotel Fagernes"]
[Date "2018.03.25"]
[Round "4"]
[White "Shehzad, Alisha"]
[Black "Rolstad, Morten"]
[Result "1/2-1/2"]
[WhiteElo "1598"]
[BlackElo "1850"]
[PlyCount "59"]
[EventDate "2018.??.??"]

1. e4 c5 2. Nc3 g6 3. g3 Bg7 4. Bg2 Nc6 5. d3 Nf6 6. f4 d6 7. Nf3 a6 8. a4 Qc7
9. O-O O-O 10. Kh1 Bd7 11. Be3 Rab8 12. d4 cxd4 13. Nxd4 Nxd4 14. Bxd4 Bc6 15.
a5 Nd7 16. Bxg7 Kxg7 17. Nd5 Bxd5 18. exd5 Rbc8 19. c3 f5 20. Re1 Nf6 21. Re6
Rf7 22. Qe2 Kf8 23. Qc2 Qc5 24. Qd2 Rc7 25. h3 h5 26. Kh2 Rh7 27. Bf3 Rh8 28.
Re3 Rh7 29. Re6 Rh8 30. Re3
1/2-1/2

[Event "TV2 Fagernes International 2018"]
[Site "Scandic Hotel Fagernes"]
[Date "2018.03.25"]
[Round "4"]
[White "Mikelsen, Mattis"]
[Black "Helgøy, Håkon Hembre"]
[Result "0-1"]
[WhiteElo "1849"]
[BlackElo "1483"]
[PlyCount "50"]
[EventDate "2018.??.??"]

1. e4 c5 2. d4 cxd4 3. c3 d5 4. exd5 Qxd5 5. cxd4 Nc6 6. Nf3 e5 7. Nc3 Bb4 8.
Bd2 Bxc3 9. Bxc3 Bg4 10. dxe5 Bxf3 11. gxf3 Nge7 12. Qe2 Ng6 13. Rd1 Qxa2 14.
Qb5 Qe6 15. Rd6 Qc8 16. Bc4 O-O 17. Qd5 Ncxe5 18. Be2 Re8 19. Rg1 Re6 20. f4
Rxd6 21. Qxd6 Nc6 22. h4 Qf5 23. h5 Rd8 24. hxg6 hxg6 25. Qxd8+ Nxd8
0-1

[Event "TV2 Fagernes International 2018"]
[Site "Scandic Hotel Fagernes"]
[Date "2018.03.25"]
[Round "4"]
[White "Flatebø, Hallvard Haug"]
[Black "Melaa, Sondre Lillestøl"]
[Result "0-1"]
[WhiteElo "1684"]
[BlackElo "1844"]
[PlyCount "54"]
[EventDate "2018.??.??"]

1. d4 Nf6 2. Nf3 e6 3. c4 c5 4. g3 b6 5. Bg2 Bb7 6. O-O cxd4 7. Nxd4 Bxg2 8.
Kxg2 Be7 9. Nc3 O-O 10. Qc2 d6 11. e4 Qc7 12. b3 a6 13. Bb2 Nbd7 14. Rac1 Rac8
15. Rfd1 Rfd8 16. Qe2 Bf8 17. Nf3 Qb7 18. Kg1 Nc5 19. e5 dxe5 20. Nxe5 Nce4 21.
Nd3 b5 22. cxb5 axb5 23. Nxe4 Nxe4 24. b4 Rc4 25. a3 Ng5 26. h4 Nf3+ 27. Kf1
Ne5
0-1

[Event "TV2 Fagernes International 2018"]
[Site "Scandic Hotel Fagernes"]
[Date "2018.03.25"]
[Round "4"]
[White "Tocklin, Tomi"]
[Black "Haynes, Noah"]
[Result "1/2-1/2"]
[WhiteElo "1844"]
[BlackElo "1648"]
[PlyCount "20"]
[EventDate "2018.??.??"]

1. e4 e6 2. d4 d5 3. exd5 exd5 4. Bf4 Nf6 5. Nf3 Bd6 6. Bxd6 Qxd6 7. c3 O-O 8.
Be2 Bf5 9. O-O Nbd7 10. Nbd2 Rfe8
1/2-1/2

[Event "TV2 Fagernes International 2018"]
[Site "Scandic Hotel Fagernes"]
[Date "2018.03.25"]
[Round "4"]
[White "Sola, Roar"]
[Black "Hoel, Mathias"]
[Result "0-1"]
[WhiteElo "1378"]
[BlackElo "1842"]
[PlyCount "102"]
[EventDate "2018.??.??"]

1. d4 Nf6 2. c4 e6 3. Nc3 Bb4 4. Qc2 d5 5. a3 Bxc3+ 6. Qxc3 dxc4 7. Qxc4 O-O 8.
Nf3 b6 9. Bg5 Ba6 10. Qc2 h6 11. Bxf6 Qxf6 12. g3 c5 13. dxc5 Rc8 14. Bg2 Rxc5
15. Qd2 Nc6 16. O-O Rd8 17. Qe3 Qxb2 18. Rac1 Rxc1 19. Rxc1 Qxe2 20. h4 Qxe3
21. fxe3 Rd6 22. g4 g6 23. g5 hxg5 24. Nxg5 Ne5 25. Ne4 Rd3 26. Rc7 Rxa3 27.
Rxa7 Ra2 28. Nd6 Bc4 29. Nxc4 Rxa7 30. Nxe5 b5 31. Nc6 Ra4 32. Bf1 b4 33. Bc4
Ra3 34. Nxb4 Ra4 35. Bxe6 Rxb4 36. Bd5 Rxh4 37. e4 Kg7 38. Kf2 Rh3 39. Bc6 g5
40. Bd7 Ra3 41. e5 Ra7 42. e6 fxe6 43. Bxe6 Kf6 44. Bg4 Ra3 45. Bf3 Kf5 46. Bc6
Kf4 47. Bb5 Ra2+ 48. Kg1 Kg3 49. Kf1 g4 50. Kg1 Ra1+ 51. Bf1 Rb1
0-1

[Event "TV2 Fagernes International 2018"]
[Site "Scandic Hotel Fagernes"]
[Date "2018.03.25"]
[Round "4"]
[White "Ski, Jonathan K"]
[Black "Selvik, Elma"]
[Result "1-0"]
[WhiteElo "1841"]
[BlackElo "1263"]
[PlyCount "123"]
[EventDate "2018.??.??"]

1. c4 e5 2. Nc3 Nf6 3. g3 Nc6 4. Bg2 Bc5 5. e3 O-O 6. Nge2 d6 7. O-O Be6 8. d4
exd4 9. exd4 Bxd4 10. Nxd4 Bxc4 11. Re1 Qd7 12. Bg5 Ne8 13. Nxc6 bxc6 14. Be7
Rb8 15. Bxf8 Kxf8 16. b3 Be6 17. Qd4 c5 18. Qf4 d5 19. Rad1 Nf6 20. Qd2 c6 21.
Na4 Qd6 22. Qc2 Rb5 23. Nc3 Rb8 24. Ne4 Nxe4 25. Bxe4 h6 26. Bf5 Bxf5 27. Qxf5
g6 28. Qe5 Qxe5 29. Rxe5 a6 30. f4 Rd8 31. Kf2 Rb8 32. Kf3 Kg7 33. g4 Rb4 34.
Re7 c4 35. bxc4 Rxc4 36. Rb1 Rc3+ 37. Ke2 Rc2+ 38. Kd3 Rxa2 39. g5 Ra3+ 40. Kc2
Rf3 41. gxh6+ Kxh6 42. Rxf7 d4 43. Rbb7 Kh5 44. h3 Rxh3 45. Rh7+ Kg4 46. Rxh3
Kxh3 47. Kd3 c5 48. Rg7 Kg4 49. Ke4 Kh5 50. Rc7 Kg4 51. Rxc5 d3 52. Rg5+ Kh4
53. Kxd3 Kh3 54. Rxg6 a5 55. f5 a4 56. Ra6 Kg4 57. f6 Kg5 58. f7 a3 59. f8=Q a2
60. Rxa2 Kg4 61. Rg2+ Kh5 62. Qh8#
1-0

[Event "TV2 Fagernes International 2018"]
[Site "Scandic Hotel Fagernes"]
[Date "2018.03.25"]
[Round "4"]
[White "Aarnes, Eirik"]
[Black "Larre, Linnea"]
[Result "1/2-1/2"]
[WhiteElo "1785"]
[BlackElo "1347"]
[PlyCount "103"]
[EventDate "2018.??.??"]

1. e4 c5 2. Nf3 g6 3. d4 cxd4 4. Nxd4 Nc6 5. Nc3 Bg7 6. Be3 Nf6 7. Bc4 O-O 8.
Bb3 d6 9. f3 a6 10. Qd2 Bd7 11. O-O-O b5 12. Kb1 b4 13. Nd5 a5 14. Nxc6 Bxc6
15. Bb6 Qd7 16. Nc7 Rab8 17. Bxa5 Ba4 18. e5 dxe5 19. Qxb4 Bxb3 20. Rxd7 Bxa2+
21. Kxa2 Rxb4 22. Bxb4 Nxd7 23. Bxe7 Rc8 24. Bd6 Bf8 25. Bxf8 Kxf8 26. Nd5 Rxc2
27. Rg1 Rd2 28. Nc3 Nc5 29. Ka3 Rc2 30. Nd5 Rd2 31. Nf6 h5 32. b4 Rd3+ 33. Kb2
Rb3+ 34. Kc2 Rxb4 35. Re1 Rc4+ 36. Kd2 Ke7 37. Ne4 Nxe4+ 38. fxe4 Ra4 39. Ke3
Ra2 40. Kf3 Ra3+ 41. Kf2 Ke6 42. Rb1 Kf6 43. h4 Ra6 44. Rb7 Ke6 45. Rb8 Kd6 46.
Rb7 Ke6 47. Rb8 Rc6 48. Rg8 Kd6 49. Rd8+ Ke7 50. Rh8 Rd6 51. Ra8 Rf6+ 52. Ke3
1/2-1/2

[Event "TV2 Fagernes International 2018"]
[Site "Scandic Hotel Fagernes"]
[Date "2018.03.25"]
[Round "4"]
[White "Hestvik, Elias"]
[Black "Gjestemoen-Vonhirsch, Andre"]
[Result "0-1"]
[WhiteElo "1572"]
[BlackElo "1691"]
[PlyCount "56"]
[EventDate "2018.??.??"]

1. d4 Nf6 2. c4 c5 3. d5 b5 4. cxb5 a6 5. bxa6 g6 6. Nc3 Bg7 7. e4 d6 8. Bb5+
Bd7 9. Bxd7+ Nfxd7 10. Nge2 Nxa6 11. O-O O-O 12. Bf4 Qc7 13. Qd2 Rfb8 14. a4
Qb6 15. Nb5 Nc7 16. Nxc7 Qxc7 17. Nc3 Rb3 18. Nb5 Qb7 19. Rfb1 Nb6 20. Nc3 Nc4
21. Qc2 Rxb2 22. Rxb2 Qxb2 23. Qxb2 Nxb2 24. Ra3 Bxc3 25. Rxc3 Rxa4 26. Kf1
Rxe4 27. Bh6 Na4 28. Rc1 Rh4
0-1

[Event "TV2 Fagernes International 2018"]
[Site "Scandic Hotel Fagernes"]
[Date "2018.03.25"]
[Round "4"]
[White "Rynning, Rune Kleiven"]
[Black "Nordquelle, Amelia"]
[Result "0-1"]
[WhiteElo "1567"]
[BlackElo "1683"]
[PlyCount "59"]
[EventDate "2018.??.??"]

1. d4 d5 2. c4 e6 3. Nc3 Nf6 4. cxd5 exd5 5. Bg5 Be7 6. Qc2 h6 7. Bh4 Nbd7 8.
e3 Nf8 9. Bd3 Ne6 10. Nf3 O-O 11. O-O c5 12. Bxf6 Bxf6 13. dxc5 Nxc5 14. Bh7+
Kh8 15. Rfd1 Bxc3 16. Qxc3 Na4 17. Qc2 Nxb2 18. Rd4 Nc4 19. e4 Nb6 20. exd5 g6
21. Bxg6 fxg6 22. Rh4 Kg7 23. Qc1 h5 24. Ng5 Rf5 25. Qc3+ Kh6 26. f4 Nxd5 27.
Rxh5+ gxh5 28. Qd3 Qb6+ 29. Kh1 Nxf4 30. Qe4
0-1

[Event "TV2 Fagernes International 2018"]
[Site "Scandic Hotel Fagernes"]
[Date "2018.03.25"]
[Round "4"]
[White "Galinskyi, Mykhalo"]
[Black "Leonhardsen, Vebjørn Maanum"]
[Result "1/2-1/2"]
[WhiteElo "1515"]
[BlackElo "1650"]
[PlyCount "79"]
[EventDate "2018.??.??"]

1. e4 c6 2. d4 d5 3. exd5 cxd5 4. Bd3 Nf6 5. c3 Nc6 6. Nf3 Bg4 7. Bf4 e6 8.
Nbd2 Bd6 9. Bg3 O-O 10. Qb3 Qc7 11. O-O a6 12. Rfe1 Bxg3 13. hxg3 Ne7 14. Ne5
Bf5 15. Bxf5 Nxf5 16. Ndf3 Nd6 17. Qc2 b5 18. Nd2 Rfc8 19. Rac1 b4 20. Qb1 bxc3
21. Rxc3 Qb6 22. Nb3 Rxc3 23. bxc3 Nde4 24. Qd3 Rc8 25. Rc1 Qb5 26. c4 dxc4 27.
Rxc4 Rxc4 28. Qxc4 Qxc4 29. Nxc4 Nc3 30. a3 Ne8 31. Kf1 Kf8 32. Ke1 Ke7 33. Kd2
Nb5 34. Kd3 Ned6 35. Nxd6 Kxd6 36. a4 Nc7 37. Kc4 g6 38. Nd2 f5 39. f4 Nd5 40.
Nb3
1/2-1/2

[Event "TV2 Fagernes International 2018"]
[Site "Scandic Hotel Fagernes"]
[Date "2018.03.25"]
[Round "4"]
[White "Odden, Jan Ove"]
[Black "Kaunonen, Jouni"]
[Result "0-1"]
[WhiteElo "1500"]
[BlackElo "1647"]
[PlyCount "84"]
[EventDate "2018.??.??"]

1. d4 d5 2. c4 e6 3. Nc3 Nf6 4. e3 c5 5. Nf3 Nc6 6. Be2 a6 7. a4 Be7 8. O-O O-O
9. b3 b6 10. Bb2 Bb7 11. Qd2 Ne4 12. Nxe4 dxe4 13. Ne1 Bf6 14. Rd1 Nb4 15. f3
a5 16. fxe4 Bxe4 17. Bf3 Bxf3 18. Nxf3 Qc7 19. dxc5 Bxb2 20. Qxb2 Qxc5 21. Qd4
Rac8 22. Qxc5 bxc5 23. Rd7 Rfd8 24. Rfd1 Rxd7 25. Rxd7 f6 26. Kf2 Nc2 27. Rb7
e5 28. Rb5 e4 29. Nd2 f5 30. Rxa5 g6 31. Nb1 Rd8 32. Rxc5 Rd3 33. Rb5 Rxe3 34.
Na3 Rc3 35. Nb1 Rd3 36. a5 Nd4 37. a6 e3+ 38. Ke1 e2 39. Re5 Rd1+ 40. Kf2 Rf1+
41. Kg3 e1=Q+ 42. Rxe1 Rxe1 
0-1